Statistiques concernant Gares du Finistère

Cliquez ici pour prendre le quiz!

Statistiques générales

  • Ce quiz a été pris 118 fois
  • Le résultat moyen est 10 sur 19

Statistiques - réponses

Nombre de voyageursGares% Correct
1 722 004Brest
99%
551 004Morlaix
96%
951 271Quimper
94%
567 152Landerneau
93%
128 925Landivisiau
86%
269 283Quimperlé
84%
44 750Carhaix
80%
26 892Châteaulin
73%
141 427Rosporden
59%
13 113La Roche Maurice
37%
70 970La Forest Landerneau
33%
399Saint Thégonnec
30%
36 793Kerhuon
27%
12 148Pont de Buis
27%
22 562Bannalec
26%
4 811Dirinon
24%
907Plouigneau
23%
1 591Pleyber Christ
19%
3 293Guimiliau
10%

Distribution des résultats

Percentile par nombre de réponses

% des personnes avec chaque résultat

Votre développement - résultats

Vous n’avez pas pris ce quiz